Joueurs de football par images - Z - Statistiques

Statistiques générales
  • Ce quiz a été pris 1 126 fois
  • Le résultat moyen est 9 sur 20
Statistiques - réponses
Par images Réponse % Correct
Zinédine Zidane
100%
Hakim Ziyech
86%
Javier Zanetti
80%
Kurt Zouma
80%
Wilfried Zaha
79%
Oleksandr Zinchenko
72%
Zico
69%
Gianluca Zambrotta
52%
Piotr Zieliński
46%
Gianfranco Zola
44%
Pablo Zabaleta
40%
Dino Zoff
32%
Simone Zaza
32%
Denis Zakaria
31%
Zé Roberto
22%
Karim Ziani
13%
Jonathan Zebina
12%
Didier Zokora
4%
Yuri Zhirkov
4%
Mario Zagallo
2%
Aucun quiz correspondant
Distribution des résultats
% des personnes avec chaque résultat
Percentile par nombre de réponses
Votre historique - résultats
Vous n’avez pas pris ce quiz